Esquema de ordenamiento territorial para el municipio de Camoapa, departamento de Boaco período 2014-2029

Presenta un esquema de ordenamiento territorial del municipio de Camoapa, departamento de Boaco periodo 2014-2029, el que contempla una perspectiva de desarrollo para el municipio al definir las premisas de gestión y para potenciar el uso racional de los recursos naturales, físicos, humanos y téc...

Full description

Bibliographic Details
Main Author: Morales Hurtado, Miryam Valeria
Other Authors: Tutor: González Jirón, Jorge Samuel
Format: Tesis Section = Libro
Language:Undetermined
Spanish
Published: Managua UNI 2014
Subjects:
LEADER 01386nam a2200277Ia 4500
008 240830s9999 xx 000 0 und d
040 |a BIBLIOTECA-RUSB/ Mon 711.4 M828 
041 |a spa 
082 |a Mon 711.4 M828 
100 1 |a Morales Hurtado, Miryam Valeria 
245 1 0 |a Esquema de ordenamiento territorial para el municipio de Camoapa, departamento de Boaco período 2014-2029 
260 |a Managua  |b UNI  |c 2014 
300 |a 105 p. :il. 
500 |a Contiene: glosario. de términos. 
502 |a Tesis (Arquitecto) - UNI, 2014. 
520 3 |a Presenta un esquema de ordenamiento territorial del municipio de Camoapa, departamento de Boaco periodo 2014-2029, el que contempla una perspectiva de desarrollo para el municipio al definir las premisas de gestión y para potenciar el uso racional de los recursos naturales, físicos, humanos y técnicos, además de ser un instrumento de apoyo enfocado en una visión de utilidad para las instituciones u organismos interesados en el tema. 
650 7 |a PLANES Y PLANIFICACIÓN MUNICIPAL 
650 7 |b  ORDENAMIENTO TERRITORIAL-MUNICIPIO DE CAMOAPA, BOACO 
650 7 |c  DESARROLLO URBANO 
650 7 |d  INFRAESTRUCTURA FÍSICA 
650 7 |e  DESARROLLO SOSTENIBLE-PROYECTOS 
650 7 |f  ASENTAMIENTOS HUMANOS 
700 1 |a Tutor:  |b González Jirón, Jorge Samuel 
942 |c BK  |2 ddc 
991 |a TESIS 
999 |c 20937